|
|
|
|
| LEADER |
00000nam0a2200000 4500 |
| 001 |
167830 |
| 005 |
20231031162921.0 |
| 035 |
|
|
|a (RuTPU)RU\TPU\book\182078
|
| 090 |
|
|
|a 167830
|
| 100 |
|
|
|a 20091021d1984 m y0rusy50 ca
|
| 101 |
1 |
|
|a rus
|c fre
|
| 102 |
|
|
|a RU
|
| 105 |
|
|
|a a z 001gy
|
| 200 |
1 |
|
|a Поэзия Плеяды
|e сборник
|e на франц. яз. с параллельными русскими текстами
|f сост., предисл., справки о поэтах И. Ю. Подгаецкая ; худож. В. Б. Соловьев
|
| 210 |
|
|
|a Москва
|c Радуга
|d 1984
|
| 215 |
|
|
|a 832 с.
|c ил.
|
| 320 |
|
|
|a Краткие данные об авторах: с. 677-707
|
| 320 |
|
|
|a Библиогр. в примеч.: с. 709-798
|
| 464 |
|
|
|a Ла Френэ, Жан Воклен де
|
| 610 |
1 |
|
|a французская литература
|
| 610 |
1 |
|
|a французская поэзия
|
| 675 |
|
|
|a 84
|v 3
|
| 702 |
|
1 |
|a Подгаецкая
|b И. Ю.
|4 220
|
| 702 |
|
1 |
|a Соловьев
|b В. Б.
|4 440
|
| 801 |
|
1 |
|a RU
|b 63413507
|c 20091021
|
| 942 |
|
|
|c BK
|